AN (XVIIe législature) - Députés PS et app. (niveau 1) - Statistiques

Statistiques générales
  • Ce quiz a été pris 8 fois
  • Le résultat moyen est 41 sur 69
Statistiques - réponses
Par images Réponse % Correct
Arthur Delaporte (Calvados 2e)
100%
Aurélien Rousseau (Yvelines 7e)
100%
Boris Vallaud (Landes 3e)
100%
Céline Hervieu (Paris 11e)
100%
Dieynaba Diop (Yvelines 9e)
100%
Emmanuel Grégoire (Paris 7e)
100%
François Hollande (Corrèze 1e)
100%
Inaki Echaniz (Pyrénées-Atlantiques 4e)
100%
Jérôme Guedj (Essonne 6e)
100%
Joël Aviragnet (Haute-Garonne 8e)
100%
Olivier Faure (Seine-et-Marne 11e)
100%
Paul Christophle (Drôme 1e)
100%
Peio Dufau (Pyrénées-Atlantiques 6e)
100%
Philippe Brun (Eure 4e)
100%
Romain Eskenazi (Val-d'Oise 7e)
100%
Sacha Houlié (Vienne 2e)
100%
Ayda Hadizadeh (Val-d'Oise 2e)
83%
Christine Pirès Beaune (Puy-de-Dôme 2e)
83%
Fatiha Keloua Hachi (Seine-Saint-Denis 8e)
83%
Martine Froger (Ariège 1e)
83%
Océane Godard (Côte-d'Or 1e)
83%
Pierrick Courbon (Loire 1e)
83%
Alain David (Gironde 4e)
67%
Belkhir Belhaddad (Moselle 1e)
67%
Chantal Jourdan (Orne 1e)
67%
Colette Capdevielle (Pyrénées-Atlantiques 5e)
67%
Elie Califer (Guadeloupe 4e)
67%
Estelle Mercier (Meurthe-et-Moselle 1e)
67%
Guillaume Garot (Mayenne 1e)
67%
Isabelle Santiago (Val-de-Marne 9e)
67%
Julien Gokel (Nord 13e)
67%
Laurent Baumel (Indre-et-Loire 4e)
67%
Marie-Noël Battistel (Isère 4e)
67%
Marietta Karamanli (Sarthe 2e)
67%
Mélanie Thomin (Finistère 6e)
67%
Sandrine Runel (Rhône 4e)
67%
Stéphane Delautrette (Haute-Vienne 2e)
67%
Thierry Sother (Bas-Rhin 3e)
67%
Anna Pic (Manche 4e)
50%
Béatrice Bellay (Martinique 3e)
50%
Bouloux Mickaël (Ille-et-Vilaine 8e)
50%
Céline Thiébault-Martinez (Seine-et-Marne 9e)
50%
Dominique Potier (Meurthe-et-Moselle 5e)
50%
Florence Herouin-Léautey (Seine-Maritime 1e)
50%
Gérard Leseul (Seine-Maritime 5e)
50%
Marie-José Allemand (Hautes-Alpes 1e)
50%
Pierre Pribetich (Côtes-d'Or 3e)
50%
Fabrice Barusseau (Charente-Maritime 3e)
33%
Marc Pena (Bouches-du-Rhône 11e)
33%
Marie Récalde (Gironde 6e)
33%
Pascale Got (Gironde 5e)
33%
Philippe Naillet (Réunion 1e)
33%
Roger Vicot (Nord 11e)
33%
Sophie Pantel (Lozère 1e)
33%
Stéphane Hablot (Meurthe-et-Moselle 2e)
33%
Arnaud Simion (Haute-Garonne 6e)
17%
Christian Baptiste (Guadeloupe 1e)
17%
Christophe Proença (Lot 2e)
17%
Claudia Rouaux (Ille-et-Vilaine 3e)
17%
Fabrice Roussel (Charente-Maritime 3e)
17%
Fanny Dombre Coste (Hérault 3e)
17%
Hervé Saulignac (Ardèche 1e)
17%
Jacques Oberti (Haute-Garonne 10e)
17%
Laurent Lhardit (Bouches-du-Rhône 2e)
17%
Sébastien Saint-Pasteur (Loire-Atlantiques 5e)
17%
Valérie Rossi (Hautes-Alpes 2e)
17%
Benbrahim Karim (Loire-Atlantiques 1e)
0%
Denis Régné (Hautes-Pyrénées 2e)
0%
William Jiovanny (Martinique 1e)
0%
Aucun quiz correspondant
Distribution des résultats
% des personnes avec chaque résultat
Percentile par nombre de réponses
Votre historique - résultats
Vous n’avez pas pris ce quiz